| 000 -LEADER |
| fixed length control field |
01114nam a2200205Ia 4500 |
| 001 - CONTROL NUMBER |
| control field |
16226 |
| 003 - CONTROL NUMBER IDENTIFIER |
| control field |
GE_BSU |
| 008 - FIXED-LENGTH DATA ELEMENTS--GENERAL INFORMATION |
| fixed length control field |
181216s||||||||xx |||||||||||||| ||und|| |
| 040 ## - CATALOGING SOURCE |
| Transcribing agency |
GE_BSU |
| 080 ## - UNIVERSAL DECIMAL CLASSIFICATION NUMBER |
| Universal Decimal Classification number |
821.353.1.(072) |
| 100 ## - MAIN ENTRY--PERSONAL NAME |
| Personal name |
ღამბაშიძე,ნინო. |
| 245 ## - TITLE STATEMENT |
| Title |
ქართული ლიტერატურის სწავლების თეორია და პრაქტიკა. |
| 300 ## - PHYSICAL DESCRIPTION |
| Extent |
52გვ;25სმ |
| 300 ## - PHYSICAL DESCRIPTION |
| Other physical details |
ბიბლიოგრ.ტექსტ.შენიშვნ.გვ:49 |
| 520 ## - SUMMARY, ETC. |
| Summary, etc. |
ამერიკული აკად.თბილისში,განათლ.განვითარებისა და კვლევის ცენტრი. მასწავლებლის ბიბლიოთეკა:სასწავლო სტრატეგიები სკოლაში. |
| 653 ## - INDEX TERM--UNCONTROLLED |
| Uncontrolled term |
ლიტერატურა |
| 653 ## - INDEX TERM--UNCONTROLLED |
| Uncontrolled term |
ქართული ლიტერატურის სწავლების თეორია და პრაქტიკა. |
| 942 ## - ADDED ENTRY ELEMENTS (KOHA) |
| Koha item type |
წიგნი |